Statistiques concernant Quels sont les surnoms des équipes à la CAN 2023 ?

Cliquez ici pour prendre le quiz!

Statistiques générales

  • Ce quiz a été pris 69 fois
  • Le résultat moyen est 8 sur 24

Statistiques - réponses

NationSurnom% Correct
Algérieles Fennecs
97%
Côte d'Ivoireles Élephants
82%
Maliles Aigles
79%
Marocles Lions de l'Atlas
69%
Camerounles Lions indomptables
62%
Sénégalles Lions de la Teranga
61%
Tunisieles Aigles de Carthage
54%
Afrique du Sudles Bafana Bafana
49%
Ghanales Black Stars
39%
Egypteles Pharaons
39%
Nigériales Super Eagles
31%
RD Congoles Léopards
30%
Burkina Fasoles Étalons
26%
Cap-Vertles Requins bleus
13%
Guinéele Sily National
11%
Gambieles Scorpions
11%
Mauritanieles Mourabitounes
10%
Angolales Antilopes noires
8%
Zambieles Boulets de cuivre
5%
Guinée-Bissaules Lycaons
3%
Mozambiqueles Mambas
3%
Guinée-Equatorialel'Eclair National
2%
Tanzanieles Taifas Stars
2%
Namibiethe Brave Warriors
2%

Distribution des résultats

Percentile par nombre de réponses

% des personnes avec chaque résultat

Votre développement - résultats

Vous n’avez pas pris ce quiz